| 000 | 01298 a2200229 4500 | ||
|---|---|---|---|
| 003 | Nust | ||
| 005 | 20220816104532.0 | ||
| 010 | _a 2003057716 | ||
| 020 | _a1580535283 (alk. paper) | ||
| 040 | _cNust | ||
| 082 | 0 | 0 | _a621.382,MIN |
| 100 | 1 |
_aMinoli, Daniel, _968270 |
|
| 245 | 1 | 0 |
_aTelecommunications technology handbook / _cDaniel Minoli. |
| 250 | _a2nd ed. | ||
| 260 |
_aBoston, MA : _bArtech House, _c2003. |
||
| 300 |
_axvi, 785 p. : _bill. ; _c28 cm. |
||
| 440 | 0 |
_aArtech House telecommunications library _994181 |
|
| 505 | _aIntroduction and overview (Page-1), Optics technologies (Page-41), All optical networks (Page-69), Intelligent optical networks and GMPLS (Page-99), Dense and coarse WDM (Page-133), SONET and SDH (Page-175), Next generation SONET, GFP, and ether net over SONET (Page-221), Wireless technologies: WPAN,WLAN and WWAN (Page-245), WAN data services and technologies (Page-339), Moving beyond T1:multilink FR and other approaches (Page-483), Broad band LAN technologies (Page-497), Transparent LAN services (Page-581), Digital video and multimedia technologies and applications (Page-643), Index (Page-761). | ||
| 650 | 0 | _aTelecommunication Engineering. | |
| 856 | 4 | 2 |
_3Book review (E-STREAMS) _uhttp://www.e-streams.com/es0703/es0703_3086.html |
| 942 |
_cREF _2ddc |
||
| 999 |
_c175828 _d175828 |
||